00405 a2200121 4500020001500000082001600015100002900031245008300060260003600143300003100179650004400210650002900254 a0070564000 a620.135 BAL aBalaguru, Perumalsamy N. aFiber Reinforced Cement CompositiescPerumalsamy N. Balaguru, Surendra P. Shah aNew York :bMc Graw Hill,c1992 axv, 530p. :bill. ;c23 cm aFibrous Composites : Cement Composities aPorland Cement Additives